000 00224 a2200097 4500
001 55320
100 _a
245 _aEntrepreneurship, 6th Ed
260 _aNew Delhi
_bTata McGraw HILL
_c2007
090 _c34303
_d34303
942 _aNUST-CAE
_cMONOGRAPH
_c27007
999 _c290393
_d290393